000 00289nam a22001337a 4500
008 180123b xxu||||| |||| 00| 0 eng d
020 _a9780821576113
041 _aeng
080 _a37
100 _a48
101 _aEDU
245 _aVOCABULARY WORK SHOP
_cJEROME.SH
942 _2udc
_cBK
999 _c40792
_d40792